02087nam a2200385 i 4500001001000000003000900010005001700019007000300036008004100039040003000080082002500110100003500135245006000170260000600230264003400236300004500270336002700315337003300342338002800375490007100403490002000474500002600494504003300520505045200553590002601005650006401031830007301095830002701168910000701195942001401202952010501216952011101321952025201432999001701684000036678DO-SdBNP20250924073803.0ta120124s1982 dr 000 0 spa d aDO-SdBNPbspacBNPHUerda a780.97293bJ82md2221 aJorge, Bernarda.eautor95058013aLa música dominicana siglos XIX-XX /cBernarda Jorge. b  aSanto Domingo :bUASD,c1982. a207 páginsa :bilustraciones ;c28 cm. ardacontentbtexto2txt ardamediabsin mediación2n ardacarrierbvolumen2nc1 aPublicaciones de la Universidad Autónoma de Santo Domingo ;v3061 aArte y Sociedad aTextos a dos columnas aBibliografía : p. 195 -201 aLa música en España en el siglo XVI 19|La música de los taínos 21|La música en los primeros siglos de la Colonia 27|Bailes y danzas 39|Actividad musical 59|Compositores, estilos y obras 93|Música popular tradicional 111|Actividad musical en los inicios del siglo 143|Creación (1900-1940) 169|Cambios a partir de la década de los 40 195|Evolución de la música "popular" hasta 1959 219|Tendencias estéticas a partir de 1960 227 aInventariado, 2024/DG 4aMúsica dominicanaxHistoria y críticaySiglo XIX979784 aPublicaciones de la Universidad Autónoma de Santo Domingov306952 0aArte y Sociedad924375 aDG 2ddccLBS1 0010718PDaPDbPDcHDd2012-01-24iLF1l0o p36678-10r2020-06-25w2020-06-25yLFPDZNo se presta 0010718PDaPDbPDcHDd2015-04-29iLF1l0o p36678-20r2020-06-25te. 2w2020-06-25yLFPDZNo se presta 00102ddc56708DSaBNPHUbBNPHUcCTd2024-11-15eDonado por la Presidencia de la República Dominicana 2023l0oBNPHU DS 780.97293 J82mdp2024-6447r2024-11-15te.3w2024-11-15yLBS1zPertenecio a la biblioteca personal de Emilio Cordero Michel c36169d36169